Statistics for All J. Cole Songs

Click here to take the quiz!

General Stats

  • This quiz has been taken 1,609 times
    (323 since last reset)
  • The average score is 51 of 193

Answer Stats

AlbumSong% Correct
2014 Forest Hills DriveNo Role Modelz
83%
2014 Forest Hills DriveWet Dreamz
82%
4 Your Eyez Only4 Your Eyez Only
71%
2014 Forest Hills DriveLove Yourz
69%
KODKOD
67%
The Warm UpIntro (The Warm Up)
65%
2014 Forest Hills Drive | Cole World: The Sideline Story | KOD | The Come UpIntro
64%
Revenge of the DreamersB***hez
63%
2014 Forest Hills DriveG.O.M.D.
61%
Cole World: The Sideline StoryWork Out
61%
The Off-Seasona m a r i
60%
2014 Forest Hills DriveJanuary 28th
60%
KODKevin's Heart
60%
Revenge of the Dreamers IIIMiddle Child
60%
2014 Forest Hills DriveFire Squad
59%
The Off-Seasonm y . l i f e
59%
Born SinnerN****z Know
59%
2014 Forest Hills DriveApparently
58%
Born SinnerPower Trip
58%
The Off-Seasonp r i d e . i s . t h e . d e v i l
57%
4 Your Eyez OnlyShe's Mine Pt. 1
57%
2014 Forest Hills DriveA Tale of 2 Citiez
56%
4 Your Eyez OnlyNeighbors
56%
4 Your Eyez OnlyShe's Mine Pt. 2
55%
2014 Forest Hills Drive03' Adolescence
53%
4 Your Eyez OnlyDeja Vu
52%
KODATM
51%
4 Your Eyez OnlyChange
50%
4 Your Eyez OnlyFoldin Clothes
50%
2014 Forest Hills DriveHello
48%
2014 Forest Hills DriveSt. Tropez
48%
KOD1985 (Intro to The Fall Off)
47%
Cole World: The Sideline StoryInterlude
47%
The Off-Seasoni n t e r l u d e
47%
The Off-Season9 5 . s o u t h
46%
Born SinnerBorn Sinner
46%
Born SinnerCrooked Smile
45%
4 Your Eyez OnlyImmortal
43%
2014 Forest Hills DriveNote to Self
43%
Lewis StreetThe Climb Back
43%
Born SinnerForbidden Fruit
42%
4 Your Eyez OnlyFor Whom the Bell Tolls
42%
The Off-Season1 0 0 . m i l '
40%
The Off-Seasonl e t . g o . m y . h a n d
40%
Born SinnerShe Knows
40%
Revenge of the Dreamers IIIUnder the Sun
40%
4 Your Eyez OnlyVille Mentality
40%
Cole World: The Sideline Story | Friday Night LightsIn the Morning
39%
The Off-Seasonp u n c h i n ' . t h e . c l o c k
38%
Cole World: The Sideline StorySideline Story
38%
Born SinnerVilluminati
38%
The Off-Seasonh u n g e r . o n . h i l l s i d e
37%
Creed III: The SoundtrackAdonis Interlude (The Montage)
36%
Born SinnerLet Nas Down
36%
Born SinnerRich N****z
36%
The Off-Seasona p p l y i n g . p r e s s u r e
35%
Born SinnerLAnd of the Snakes
34%
Cole World: The Sideline Story | The Warm UpLights Please
34%
KODMotiv8
34%
The Off-Seasonc l o s e
33%
Cole World: The Sideline StoryCole World
33%
Lewis StreetLion King On Ice
33%
KODPhotograph
33%
D-Day: A Gangsta Grillz MixtapeStick
33%
Cole World: The Sideline StoryCan't Get Enough
31%
KODFriends
31%
Single 2False Prophets
30%
Revenge of the Dreamers IIISacrifices
30%
KODWindow Pain (Outro)
30%
Born SinnerSparks Will Fly
29%
KODBrackets
28%
Cole World: The Sideline StoryMr. Nice Watch
28%
D-Day: A Gangsta Grillz MixtapeHeavens EP
27%
Born SinnerRunaway
27%
Single 5Snow on tha Bluff
27%
The Come UpDollar and a Dream
25%
Revenge of the Dreamers IIIDown Bad
25%
SingleEverybody Dies
25%
Cole World: The Sideline StoryLost Ones
25%
Born SinnerNew York Times
25%
Cole World: The Sideline StoryNobody's Perfect
25%
KODThe Cut Off
25%
Born SinnerTrouble
25%
Cole World: The Sideline StoryBreakdown
23%
Born SinnerChaining Day
23%
Born SinnerMo Money (Interlude)
23%
KODOnce an Addict (Interlude)
23%
Cole World: The Sideline StoryRise and Shine
23%
Friday Night LightsFriday Night Lights (Intro)
22%
Single 3High for Hours
22%
Born SinnerAin't That Some Sh*t (Interlude)
20%
Single 4Album of the Year (Freestyle)
20%
Born SinnerIs She Gon Pop
20%
Born SinnerMiss America
20%
Single 9The Secret Recipe
20%
The Come UpThe Come Up
19%
The Warm UpDollar and a Dream II
18%
Cole World: The Sideline StoryDollar and a Dream III
18%
Revenge of the Dreamers IIFolgers Crystals
18%
Born SinnerKerney Sermon (Skit)
18%
Cole World: The Sideline StoryNever Told
18%
Friday Night LightsToo Deep for the Intro
18%
Born SinnerWhere's Jermaine (Skit)
18%
Cole World: The Sideline StoryGod's Gift
17%
The Come UpSimba
17%
Friday Night LightsVillematic
17%
Revenge of the Dreamers III1993
16%
Revenge of the Dreamers IICaged Bird
15%
Revenge of the Dreamers IINight Job
15%
Other SingleBe Free
14%
The Come UpDead Presidents
14%
D-Day: A Gangsta Grillz MixtapeFreedom of Speech
14%
The Warm UpGrown Simba
14%
Friday Night LightsHigher
14%
Single 7Johnny P's Caddy
14%
Friday Night LightsPremeditated Murder
14%
Revenge of the Dreamers IIISunset
14%
Single 8Passport Bros
13%
Cole World: The Sideline StoryWho Dat
13%
Friday Night LightsBlow Up
12%
The Warm UpDreams
12%
Revenge of the DreamersRevenge of the Dreamers
12%
Friday Night Lights2Face
11%
Friday Night LightsBefore I'm Gone
11%
Cole World: The Sideline StoryDaddy's Little Girl
11%
Friday Night LightsHome for the Holidays
11%
Truly Yours 2Cole Summer
10%
Friday Night LightsCost Me a Lot
10%
The Warm UpDead Presidents II
10%
Friday Night LightsEnchanted
10%
The Warm UpI Get Up
10%
Truly Yours 2Kenny Lofton
10%
The Warm UpLadies
10%
The Warm UpLosing My Balance
10%
Friday Night LightsLove Me Not
10%
Revenge of the Dreamers IIIRembrandt...Run It Back
10%
The Warm UpRoyal Flush
10%
Friday Night LightsSee World
10%
Truly Yours 23 Wishes
9%
Friday Night LightsBack to the Topic (Freestyle)
9%
Truly YoursCan I Holla At Ya
9%
Truly Yours 2Chris Tucker
9%
Truly YoursCrunch Time
9%
Friday Night LightsFarewell
9%
The Warm UpLast Call
9%
Friday Night LightsLooking for Trouble
9%
Revenge of the Dreamers IIIOh Wow...Swerve
9%
Friday Night LightsThe Autograph
9%
The Warm UpWelcome
9%
Friday Night LightsBest Friend
8%
The Warm UpCan I Live
8%
The Come UpCan't Cry
8%
The Come UpCollege Boy
8%
Truly Yours 2Cousins
8%
Truly Yours 2Head Bussa
8%
The Warm UpHeartache
8%
The Warm UpHold It Down
8%
Truly YoursStay
8%
Truly YoursTears for ODB
8%
The Warm UpTil' Infinity
8%
The Warm UpWater Break (Interlude)
8%
Friday Night LightsYou Got It
8%
Single 6Your Heart
8%
The Come UpCarolina On My Mind
7%
The Come UpI'm the Man
7%
The Warm UpJust To Get By
7%
Revenge of the DreamersLit
7%
The Come UpPlain
7%
Truly YoursRise Above
7%
The Come UpSchool Daze
7%
The Come UpSplit You Up
7%
The Warm UpThe Badness
7%
The Warm UpGet Away
6%
The Come UpI Do My Thing
6%
The Warm UpKnock Knock
6%
The Come UpLil' Ghetto N***a
6%
The Come UpMighty Crazy
6%
The Come UpQuote Me
6%
The Come UpRags to Riches (At the Beep)
6%
The Come UpThrow It Up
6%
The Warm UpWorld Is Empty
6%
Revenge of the DreamersBlowin Smoke
5%
Revenge of the DreamersCrooked Smile (Original)
5%
The Come UpGet It
5%
The Come UpGoin' Off
5%
The Come UpHomecoming
5%
Revenge of the DreamersLil' N***az
5%
Revenge of the DreamersMay the Bitter Man Win
4%

Score Distribution

Percentile by Number Answered

Percent of People with Each Score

Your Score History

You have not taken this quiz since the last reset